Statistieken voor Figure out the song - Taylor Swift #5

Klik hier om de quiz te nemen!

Algemene statistieken

  • Deze quiz is 638 keer genomen
  • De gemiddelde score is 248 van 347

Antwoordstatistieken

Antwoord% Correct
I
99%
a
97%
You
97%
you
97%
(you
97%
(You
97%
the
96%
me
92%
be
90%
We
90%
we
90%
on
89%
to
89%
your
88%
in
87%
it
87%
and
86%
And
86%
are
86%
my
85%
When
85%
So
84%
so
84%
no
83%
You're
83%
you're
83%
(you're
83%
that
81%
don't
80%
know
80%
who
80%
is
79%
Like
79%
like
79%
too
79%
I'm
78%
not
77%
all
76%
can
75%
(can
75%
it's
75%
at
74%
But
73%
(oh)
73%
then
73%
a.m.
72%
just
72%
Why
72%
never
71%
there
71%
down
69%
down)
69%
could
68%
need
68%
say
68%
Say
68%
with
68%
calm
67%
see
67%
now
66%
7:00
64%
being
64%
mad?
64%
loud
63%
loud)
63%
'Cause
62%
stop?)
62%
stop
62%
Damn
61%
Hey
61%
okay?
61%
our
61%
somebody
61%
would
61%
I've
60%
less
60%
step
60%
taken
60%
his
59%
made
59%
gay
58%
got
58%
night
58%
street
58%
anybody
57%
gown?
57%
out
57%
over
57%
shade
57%
that's
57%
GLAAD)
56%
GLAAD?
56%
shots
56%
taking
56%
girls
55%
hate
55%
take
55%
try
55%
dark
54%
friends
53%
killing
53%
people
53%
about
52%
crowns
52%
fun
52%
knock-out
52%
Tweet
52%
bones
51%
broke
51%
internet
51%
parade
51%
stones
51%
Patrón
50%
sign
50%
trying
50%
cop-out
49%
mess
49%
rather
49%
ain't
48%
else
48%
figured
48%
learned
48%
must've
48%
Oh-oh
48%
oh-oh
48%
self-expression
48%
Comparing
47%
lesson
47%
Making
47%
snakes
47%
ages
46%
coming
46%
obsessin'
45%
stressin'
45%
'bout
44%
gowns?
44%
several
44%
scream
43%
seats
42%
peace
41%
missile
40%
restore
39%
Sunshine
39%
urges
38%
control
37%

Scoreverdeling

Percentiel versus Aantal Correcte Antwoorden

Procent van Mensen met Elke Score

Uw Scoregeschiedenis

U heeft deze quiz nog niet genomen